000 00918cam a2200253 4500
001 WS105404
008 000000n 000 0 eng u
035 _a(Sirsi) u105404
110 _aCouncil for the Protection of Rural England
_9227
245 _aCouncil for the Protection of Rural England
520 _aWeb site outlining national and local issues of interest to the CPRE including hedgerows and rural dereliction. Also covers the CPRE's 'Contract for the Countryside'. Includes a useful publications catalogue.
650 _aHEDGEROWS
650 0 _aRURAL DERELICTION
650 _aRURAL HOUSING
650 _aCOUNTRYSIDE
650 _aWILDLIFE
650 _aCONSERVATION
650 _aCPRE
650 _aEnvironment
_96238
650 _aWEB SITE
690 _aRURAL-NATURE CONSERVATION
856 4 0 _uhttps://www.cpre.org.uk/
_zView the website free of charge at www.cpre.org.uk/...
942 _n0
999 _c119484
_d119484